[Event "Ekaterinburg Scerbin Memorial Blitz"]
[Site "Ekaterinburg"]
[Date "2024.01.12"]
[Round "3"]
[White "Somkin, Kirill"]
[Black "Shimanov, Aleksandr"]
[Result "0-1"]
[WhiteElo "2177"]
[BlackElo "2578"]
[PlyCount "112"]
[EventDate "2024.01.12"]
[EventType "swiss (blitz)"]
[EventRounds "13"]
[EventCountry "RUS"]
[SourceTitle "CB03_2024"]
[SourceDate "2024.01.17"]
[SourceVersion "1"]
[SourceVersionDate "2024.01.17"]
[SourceQuality "1"]

1. d4 Nf6 2. Nc3 d5 3. Bf4 a6 4. e3 Bf5 5. f3 e6 6. g4 Bg6 7. h4 h5 8. g5 Ng8 9. Bd3 Ne7 10. Nge2 Bxd3 11. Qxd3 Ng6 12. 0-0-0 Nc6 13. e4 Qd7 14. Bg3 0-0-0 15. Rhe1 Bb4 16. a3 Be7 17. exd5 exd5 18. f4 Qg4 19. Rh1 Bd6 20. f5 Bxg3 21. Qxg3 Qxf5 22. Rhf1 Qd7 23. Nf4 Nce7 24. Qf2 Rhf8 25. Nd3 Qg4 26. Rde1 Nc6 27. Nf4 Nxf4 28. Qxf4 Nxd4 29. Re7 Ne6 30. Qxg4 hxg4 31. Rexf7 Rxf7 32. Rxf7 g3 33. Ne2 g2 34. Rf2 Rh8 35. Rxg2 Rxh4 36. Kd2 Kd7 37. Nc3 Kd6 38. Ne2 Ke5 39. b3 Nc5 40. Kc1 Ne4 41. Kb2 c5 42. Nc1 c4 43. bxc4 dxc4 44. Re2 Kd5 45. Rg2 Rh5 46. g6 Rg5 47. Rh2 Rxg6 48. Ne2 Rg4 49. Rh5+ Kd6 50. Rh8 Rg2 51. Nd4 Ke5 52. Rd8 g5 53. Nf3+ Kf4 54. Nd4 g4 55. Rf8+ Ke5 56. Rd8 Rd2 0-1

[Event "Cheliabinsk Shusharin Memorial Rapid"]
[Site "Cheliabinsk"]
[Date "2023.11.15"]
[Round "3"]
[White "Paravyan, David"]
[Black "Somkin, Kirill"]
[Result "1-0"]
[WhiteElo "2612"]
[BlackElo "2177"]
[PlyCount "47"]
[EventDate "2023.11.15"]
[EventType "swiss (rapid)"]
[EventRounds "11"]
[EventCountry "RUS"]
[SourceTitle "CB47_2023"]
[SourceDate "2023.11.22"]
[SourceVersion "1"]
[SourceVersionDate "2023.11.22"]
[SourceQuality "1"]

1. e4 e5 2. Nf3 Nc6 3. Bc4 Bc5 4. d3 Nf6 5. Be3 Bxe3 6. fxe3 d6 7. 0-0 Be6 8. Bb3 0-0 9. Qe1 a5 10. Nc3 Ne7 11. Nh4 Ng6 12. Nf5 c6 13. Qg3 b5 14. a4 b4 15. Nd1 d5 16. Nf2 h5 17. Qg5 c5 18. exd5 Bxd5 19. Bxd5 Qxd5 20. Ne4 Nxe4 21. dxe4 Qxe4 22. Qxh5 Ra6 23. Rf3 Rf6 24. Rh3 1-0

[Event "Cheliabinsk Kurnosov Memorial Rapid"]
[Site "Cheliabinsk"]
[Date "2023.09.09"]
[Round "7"]
[White "Somkin, Kirill"]
[Black "Belyakov, Bogdan"]
[Result "1/2-1/2"]
[WhiteElo "2185"]
[BlackElo "2427"]
[PlyCount "97"]
[EventDate "2023.09.08"]
[EventType "swiss (rapid)"]
[EventRounds "11"]
[EventCountry "RUS"]
[SourceTitle "EXT 2024"]
[Source "ChessBase"]
[SourceDate "2023.10.10"]
[SourceVersion "1"]
[SourceVersionDate "2023.10.10"]
[SourceQuality "1"]

1. d4 Nf6 2. Nc3 d6 3. e4 Nbd7 4. f4 e5 5. Nf3 exd4 6. Qxd4 c6 7. Be3 Ng4 8. Bg1 Nc5 9. 0-0-0 Qa5 10. h3 Nf6 11. g4 h6 12. Kb1 Ne6 13. Qd2 Be7 14. Bd3 Nc5 15. Nd4 Nxd3 16. cxd3 g5 17. Be3 gxf4 18. Bxf4 h5 19. g5 Nh7 20. h4 Nf8 21. Rdf1 Be6 22. Nf5 Ng6 23. Rf2 0-0-0 24. Nxe7+ Nxe7 25. Nd5 Qa6 26. Nxe7+ Kd7 27. b3 Kxe7 28. d4 Kd7 29. Kb2 Qb5 30. Rd1 Rhe8 31. Bg3 Re7 32. Re1 a5 33. e5 d5 34. Qe2 Qxe2+ 35. Rexe2 b6 36. Rf6 Ree8 37. Bf2 Rc8 38. Rc2 Rg8 39. Rh6 Rh8 40. Rf6 Rcg8 41. Be3 Rg6 42. Rf4 Rc8 43. Rf1 Ke7 44. Rf4 Bg4 45. Rf1 Bd7 46. Rf4 Be6 47. Rf1 Bd7 48. Rf4 Be6 49. Rf1 1/2-1/2

[Event "Cheliabinsk Lozovatsky Memorial-A"]
[Site "Cheliabinsk"]
[Date "2023.02.05"]
[Round "10"]
[White "Somkin, Kirill"]
[Black "Ovod, Evgenija"]
[Result "1/2-1/2"]
[WhiteElo "2195"]
[BlackElo "2323"]
[PlyCount "69"]
[EventDate "2023.01.27"]
[EventType "swiss"]
[EventRounds "10"]
[EventCountry "RUS"]
[SourceTitle "CBM 212 Extra"]
[Source "ChessBase"]
[SourceDate "2023.03.31"]
[SourceVersion "1"]
[SourceVersionDate "2023.03.31"]
[SourceQuality "1"]

1. e4 e5 2. Nf3 Nc6 3. Bb5 Nf6 4. 0-0 Nxe4 5. d4 Be7 6. dxe5 0-0 7. Qd5 Nc5 8. Be3 Nb4 9. Qd2 Ne4 10. Qd4 f5 11. a3 Nc6 12. Qc4+ Kh8 13. Nc3 Na5 14. Qd4 a6 15. Be2 Nc6 16. Qd3 Nxc3 17. Qxc3 f4 18. Bc5 d6 19. exd6 cxd6 20. Rad1 Qe8 21. Bd4 Nxd4 22. Nxd4 Bf6 23. Bf3 Qa4 24. Qc7 Be5 25. c3 a5 26. Rd2 Qe8 27. Bd5 Qd8 28. Qxd8 Rxd8 29. Nf3 Bf6 30. Re1 g5 31. Rde2 Kg7 32. Nd4 Be5 33. Nf3 Bf6 34. Nd4 Be5 35. Nf3 1/2-1/2

[Event "Cheliabinsk Lozovatsky Memorial-A"]
[Site "Cheliabinsk"]
[Date "2023.02.04"]
[Round "9"]
[White "Sitnikov, Anton"]
[Black "Somkin, Kirill"]
[Result "1/2-1/2"]
[WhiteElo "2334"]
[BlackElo "2195"]
[PlyCount "37"]
[EventDate "2023.01.27"]
[EventType "swiss"]
[EventRounds "10"]
[EventCountry "RUS"]
[SourceTitle "CBM 212 Extra"]
[Source "ChessBase"]
[SourceDate "2023.03.31"]
[SourceVersion "1"]
[SourceVersionDate "2023.03.31"]
[SourceQuality "1"]

1. e4 e5 2. Nf3 Nc6 3. c3 Nf6 4. d3 d5 5. Nbd2 a5 6. Be2 Bd6 7. 0-0 0-0 8. exd5 Nxd5 9. Nc4 a4 10. d4 e4 11. Ng5 Re8 12. Nxd6 Qxd6 13. c4 Bf5 14. f3 e3 15. Ne4 Qd7 16. Nc5 Qd6 17. Ne4 Qd7 18. Nc5 Qd6 19. Ne4 1/2-1/2

[Event "Cheliabinsk Panchenko Memorial op-A"]
[Site "Cheliabinsk"]
[Date "2021.09.13"]
[Round "1"]
[White "Frolyanov, Dmitry"]
[Black "Somkin, Kirill"]
[Result "1/2-1/2"]
[WhiteElo "2533"]
[BlackElo "2262"]
[PlyCount "71"]
[EventDate "2021.09.13"]
[EventType "swiss"]
[EventRounds "10"]
[EventCountry "RUS"]
[SourceTitle "CBM 204 Extra"]
[Source "ChessBase"]
[SourceDate "2021.11.30"]
[SourceVersion "1"]
[SourceVersionDate "2021.11.30"]
[SourceQuality "1"]

1. e4 Nf6 2. e5 Nd5 3. d4 d6 4. c4 Nb6 5. exd6 cxd6 6. Nc3 g6 7. Be3 Bg7 8. Rc1 0-0 9. b3 d5 10. c5 e5 11. cxb6 Nc6 12. Nge2 exd4 13. Nxd4 Bxd4 14. Bxd4 Qh4 15. Bc5 Re8+ 16. Be2 axb6 17. g3 Qh3 18. Nxd5 bxc5 19. Nf6+ Kf8 20. Nxe8 Kxe8 21. Qd2 Be6 22. Rxc5 Qg2 23. Rf1 Rd8 24. Qe3 Nd4 25. Rc4 Nxe2 26. Kxe2 Kf8 27. Rh4 Bd5 28. Qh6+ Ke8 29. Rf4 Bc6 30. Rc1 Bb5+ 31. Rfc4 Qd5 32. Kf1 Qh1+ 33. Ke2 Qd5 34. Kf1 Qh1+ 35. Ke2 Qd5 36. Kf1 1/2-1/2

[Event "South Ural Cup-B"]
[Site "Cheliabinsk"]
[Date "2021.07.03"]
[Round "9"]
[White "Somkin, Kirill"]
[Black "Radzhabov, Rodion"]
[Result "1/2-1/2"]
[WhiteElo "2201"]
[BlackElo "2353"]
[PlyCount "35"]
[EventDate "2021.06.25"]
[EventType "tourn"]
[EventRounds "9"]
[EventCountry "RUS"]
[EventCategory "4"]
[SourceTitle "CBM 203 Extra"]
[Source "ChessBase"]
[SourceDate "2021.09.30"]
[SourceVersion "1"]
[SourceVersionDate "2021.09.30"]
[SourceQuality "1"]

1. e4 c5 2. Nf3 d6 3. d4 cxd4 4. Qxd4 Nc6 5. Bb5 Bd7 6. Bxc6 Bxc6 7. Nc3 Nf6 8. Bg5 e6 9. 0-0-0 Be7 10. Bxf6 Bxf6 11. Qxd6 Qxd6 12. Rxd6 Bxc3 13. bxc3 Bxe4 14. Ne5 Rc8 15. Rhd1 0-0 16. f3 Bd5 17. Kb2 f6 18. c4 1/2-1/2

[Event "South Ural Cup-B"]
[Site "Cheliabinsk"]
[Date "2021.07.01"]
[Round "7"]
[White "Somkin, Kirill"]
[Black "Khruschiov, Alexey"]
[Result "0-1"]
[WhiteElo "2201"]
[BlackElo "2382"]
[PlyCount "42"]
[EventDate "2021.06.25"]
[EventType "tourn"]
[EventRounds "9"]
[EventCountry "RUS"]
[EventCategory "4"]
[SourceTitle "CBM 203 Extra"]
[Source "ChessBase"]
[SourceDate "2021.09.30"]
[SourceVersion "1"]
[SourceVersionDate "2021.09.30"]
[SourceQuality "1"]

1. e4 c6 2. d4 d5 3. e5 Bf5 4. Ne2 e6 5. Ng3 Bg6 6. h4 h5 7. Be2 c5 8. Nd2 Nc6 9. dxc5 Bxc5 10. Nb3 Bb6 11. Bf4 Nb4 12. Kf1 Bxc2 13. Qd2 a5 14. Nxh5 Bg6 15. Bg5 f6 16. Nxg7+ Kf7 17. exf6 Nxf6 18. Nxe6 Kxe6 19. Rh3 Bf5 20. Rf3 Ne4 21. Qf4 Qxg5 0-1

[Event "Cheliabinsk Variant Gp-A"]
[Site "Cheliabinsk"]
[Date "2021.03.31"]
[Round "10"]
[White "Skatchkov, Valery"]
[Black "Somkin, Kirill"]
[Result "1/2-1/2"]
[WhiteElo "2283"]
[BlackElo "2189"]
[PlyCount "49"]
[EventDate "2021.03.23"]
[EventType "swiss"]
[EventRounds "10"]
[EventCountry "RUS"]
[SourceTitle "CBM 202 Extra"]
[Source "ChessBase"]
[SourceDate "2021.07.31"]
[SourceVersion "1"]
[SourceVersionDate "2021.07.31"]
[SourceQuality "1"]

1. d4 Nf6 2. c4 e6 3. Nf3 d5 4. g3 dxc4 5. Bg2 c6 6. 0-0 b5 7. Ne5 Bb7 8. a4 a6 9. b3 cxb3 10. Bb2 Qc8 11. Qxb3 Nbd7 12. Rc1 Nxe5 13. dxe5 Nd5 14. Nc3 Nxc3 15. Bxc3 Be7 16. Bb4 c5 17. Bxb7 Qxb7 18. Bxc5 Bxc5 19. Rxc5 0-0 20. axb5 axb5 21. Rb1 Qe4 22. Qxb5 Ra5 23. Qxa5 Qxb1+ 24. Kg2 Qe4+ 25. Kg1 1/2-1/2

[Event "Cheliabinsk Variant Gp-A"]
[Site "Cheliabinsk"]
[Date "2021.03.30"]
[Round "9"]
[White "Somkin, Kirill"]
[Black "Mukhina, Jana"]
[Result "1-0"]
[WhiteElo "2189"]
[BlackElo "2074"]
[PlyCount "75"]
[EventDate "2021.03.23"]
[EventType "swiss"]
[EventRounds "10"]
[EventCountry "RUS"]
[SourceTitle "CBM 202 Extra"]
[Source "ChessBase"]
[SourceDate "2021.07.31"]
[SourceVersion "1"]
[SourceVersionDate "2021.07.31"]
[SourceQuality "1"]

1. e4 e5 2. Nf3 Nc6 3. Bb5 Nf6 4. 0-0 Nxe4 5. d4 Nd6 6. dxe5 Nxb5 7. a4 Nbd4 8. Nxd4 Nxd4 9. Qxd4 d5 10. exd6 Qxd6 11. Qe4+ Qe6 12. Qd4 Qd6 13. Qe3+ Be6 14. Nc3 Qc5 15. Nb5 Qxc2 16. Qg3 Bd6 17. Nxd6+ cxd6 18. Qxg7 Kd7 19. Bf4 Qe4 20. Bg3 Rhg8 21. Qc3 Rac8 22. Qa3 Rc6 23. Rad1 d5 24. b4 Rgc8 25. Rfe1 Qf5 26. b5 Rc5 27. h3 Qc2 28. Rd3 h5 29. Be5 Rg8 30. a5 Bf5 31. Rc3 Rxc3 32. Qd6+ Kc8 33. Qb8+ Kd7 34. Qxg8 Be6 35. Qb8 Rc7 36. b6 Rc8 37. Qxb7+ Ke8 38. Bd6 1-0

[Event "Cheliabinsk Variant Gp-A"]
[Site "Cheliabinsk"]
[Date "2021.03.28"]
[Round "7"]
[White "Somkin, Kirill"]
[Black "Kostenko, Petr"]
[Result "0-1"]
[WhiteElo "2189"]
[BlackElo "2418"]
[PlyCount "50"]
[EventDate "2021.03.23"]
[EventType "swiss"]
[EventRounds "10"]
[EventCountry "RUS"]
[SourceTitle "CBM 202 Extra"]
[Source "ChessBase"]
[SourceDate "2021.07.31"]
[SourceVersion "1"]
[SourceVersionDate "2021.07.31"]
[SourceQuality "1"]

1. e4 e6 2. d4 d5 3. e5 c5 4. c3 Nc6 5. Nf3 Bd7 6. a3 c4 7. b3 cxb3 8. Qxb3 Na5 9. Qc2 Qb6 10. Nbd2 Rc8 11. a4 Ne7 12. Bb2 h6 13. h4 f5 14. exf6 gxf6 15. Bd3 Rg8 16. g3 Kd8 17. 0-0 e5 18. dxe5 Rxg3+ 19. Kh2 Rh3+ 20. Kg2 Qe6 21. Rg1 fxe5 22. Bb5 Nac6 23. Qh7 e4 24. Ne1 Rd3 25. Nxd3 Qh3# 0-1

[Event "Cheliabinsk Variant Gp-A"]
[Site "Cheliabinsk"]
[Date "2021.03.27"]
[Round "5"]
[White "Kononenko, Dmitry1111"]
[Black "Somkin, Kirill"]
[Result "1-0"]
[WhiteElo "2322"]
[BlackElo "2189"]
[PlyCount "67"]
[EventDate "2021.03.23"]
[EventType "swiss"]
[EventRounds "10"]
[EventCountry "RUS"]
[SourceTitle "CBM 202 Extra"]
[Source "ChessBase"]
[SourceDate "2021.07.31"]
[SourceVersion "1"]
[SourceVersionDate "2021.07.31"]
[SourceQuality "1"]

1. Nf3 d5 2. c4 e6 3. g3 Nf6 4. Bg2 Be7 5. d4 0-0 6. 0-0 dxc4 7. Qc2 a6 8. a4 Bd7 9. Qxc4 Bc6 10. Bf4 Bd6 11. Nbd2 Nd5 12. Bxd6 cxd6 13. e4 Nb6 14. Qb3 a5 15. Rfc1 Na6 16. Ne1 d5 17. e5 Nb4 18. Nc2 Nc4 19. Qc3 Nxc2 20. Rxc2 Rc8 21. Nf3 b5 22. b3 Na3 23. Rcc1 b4 24. Qd3 Bb7 25. Rc5 Rxc5 26. dxc5 d4 27. Rc1 Qa8 28. Ng5 g6 29. c6 Ba6 30. Qxd4 h6 31. c7 Qe8 32. Ne4 Kg7 33. Qd6 Bb7 34. Nf6 1-0

[Event "Cheliabinsk Variant Gp-A"]
[Site "Cheliabinsk"]
[Date "2021.03.23"]
[Round "1"]
[White "Somkin, Kirill"]
[Black "Gabrielian, Artur"]
[Result "1/2-1/2"]
[WhiteElo "2189"]
[BlackElo "2448"]
[PlyCount "147"]
[EventDate "2021.03.23"]
[EventType "swiss"]
[EventRounds "10"]
[EventCountry "RUS"]
[SourceTitle "CBM 202 Extra"]
[Source "ChessBase"]
[SourceDate "2021.07.31"]
[SourceVersion "1"]
[SourceVersionDate "2021.07.31"]
[SourceQuality "1"]

1. e4 d6 2. d4 Nf6 3. Nc3 g6 4. h4 Bg7 5. Be2 c5 6. dxc5 Qa5 7. cxd6 Nxe4 8. dxe7 Nc6 9. Kf1 Nxc3 10. bxc3 Nxe7 11. Bg5 h6 12. Bxe7 Kxe7 13. Bc4 Rd8 14. Qf3 Qf5 15. Rh3 Kf8 16. Ne2 Qf6 17. Rg3 h5 18. Rb1 Rb8 19. Qxf6 Bxf6 20. Rf3 Kg7 21. g3 b6 22. Ke1 Bg4 23. Re3 Rb7 24. Rd1 Rxd1+ 25. Kxd1 Rc7 26. Bd3 Rc5 27. Kc1 Be6 28. Kb2 Ra5 29. Nc1 Rc5 30. Bf1 b5 31. a3 Rf5 32. f4 a5 33. Bh3 Rc5 34. Bxe6 fxe6 35. Ne2 e5 36. Kb3 Kf7 37. Re4 a4+ 38. Kb4 Be7 39. Ka5 exf4 40. Rxf4+ Ke8 41. Re4 Kd7 42. c4 b4+ 43. Kxa4 bxa3 44. Kb3 Bd6 45. Nf4 Rc8 46. Nd3 Ra8 47. Ka2 Bxg3 48. c5 Bc7 49. Re2 Ra4 50. Rg2 Rg4 51. Rxg4 hxg4 52. Kxa3 g3 53. Ne1 Ba5 54. Ng2 Kc6 55. Ka4 Bd2 56. Kb3 Kxc5 57. c3 Bh6 58. Kc2 Kc4 59. Kd1 Kd3 60. c4 Bf8 61. Ke1 Bd6 62. Kf1 Bc7 63. c5 Kd2 64. Ne1 Ke3 65. Kg2 Kd4 66. c6 Kd5 67. Nc2 Kxc6 68. Nd4+ Kd5 69. Ne2 Ke4 70. Nxg3+ Kf4 71. h5 gxh5 72. Nxh5+ Kg5 73. Ng3 Bxg3 74. Kxg3 1/2-1/2